| 000 | 00509nam a2200181Ia 4500 | ||
|---|---|---|---|
| 999 |
_c18196 _d18196 |
||
| 003 | 0100 | ||
| 005 | 20170602123930.0 | ||
| 008 | 130303s9999 xx 000 0 und d | ||
| 040 | _cARRUPELIB | ||
| 050 | _aDT30.5.S6671996 | ||
| 100 |
_aDeng, Francis M _932114 |
||
| 245 | _aSovereignty as Responsibility | ||
| 245 | _bConflict Management in Africa | ||
| 260 |
_bThe Brookings Institution _aWashington, D.C. _c1996 |
||
| 300 | _a265p | ||
| 700 |
_aKimaro, SadikielLyons, TerrenceRothchild, DonaldZartman, I. William _932115 |
||
| 942 |
_2lcc _cMONOGRAPH |
||